Wszystkie miasta na prawach powiatu w Polsce - Statystyki

Ogólne statystyki
  • Ten quiz został rozwiązany 123 razy
    122 od ostatniego zresetowania
  • Średni wynik to 49 z 66
Statystyki odpowiedzi
Miasto % Poprawnych
Gdańsk
97%
Gdynia
96%
Kraków
95%
Warszawa
93%
Lublin
91%
Wrocław
91%
Łódź
90%
Rzeszów
90%
Szczecin
90%
Białystok
89%
Katowice
89%
Poznań
89%
Toruń
88%
Zielona góra
88%
Bydgoszcz
87%
Częstochowa
86%
Olsztyn
86%
Opole
86%
Radom
86%
Gorzów Wielkopolski
85%
Kielce
85%
Elbląg
82%
Koszalin
80%
Płock
80%
Sopot
80%
Bytom
79%
Tarnów
79%
Gliwice
78%
Legnica
76%
Zabrze
76%
Bielsko-biała
75%
Wałbrzych
75%
Biała podlaska
74%
Jelenia góra
74%
Sosnowiec
74%
Zamość
74%
Dąbrowa górnicza
73%
Kalisz
73%
Przemyśl
73%
Chorzów
71%
Konin
71%
Suwałki
70%
Nowy sącz
69%
Grudziądz
67%
Ruda śląska
67%
Włocławek
67%
Chełm
66%
Leszno
66%
Piotrków trybunalski
64%
Rybnik
64%
Skierniewice
64%
Łomża
63%
Krosno
62%
Słupsk
62%
Tychy
62%
Tarnobrzeg
60%
Ostrołęka
59%
Siedlce
58%
Jaworzno
55%
Świnoujście
55%
Żory
54%
Siemianowice Śląskie
53%
Mysłowice
52%
Piekary śląskie
52%
Jastrzębie-Zdrój
49%
Świętochłowice
44%
Nie znaleziono quizów pasujących do podanych kryteriów
Rozkład punktacji
Procent ludzi z każdym wynikiem
Percentyl według liczby udzielonych odpowiedzi
Twoja historia wyników
Nie rozwiązałeś tego quizu od ostatniego zresetowania